000 00205 a2200097 4500
001 35028
100 _aN I A
245 _aMushahidaat Wa Tasuraat
260 _aLahore
_bjang Pub
_c
090 _c23176
_d23176
942 _aNUST-CAE
_cM
_c14643
999 _c270101
_d270101